Sports Quiz

Random Sports or Football Quiz

NFL 2012: Losing Record Minefield Quiz Stats

 Plays Quiz Updated Feb 20, 2018

Support Sporcle.
Go Orange.
Score 0/16 Timer 02:00
12 Plays Today
% Correct
???
71%
???
66.8%
???
66%
???
59.9%
???
57.5%
???
53%
???
52.6%
???
50.8%
% Correct
???
50.4%
???
50%
???
49.5%
???
49.3%
???
48.4%
???
38.3%
???
36.5%
???
23.9%

You're not logged in!

Compare scores with friends on all Sporcle quizzes.
OR
Log In

From the Vault

MLB Original Logos

by mctacos

A few of these franchises would probably rather not see these again.
Remove Ads.
Support Sporcle.
Get the best of Sporcle when you Go Orange. This ad-free experience offers more features, more stats, and more fun while also helping to support Sporcle. Thank you for becoming a member.

Show Comments

Extras

Top Quizzes Today


Score Distribution

Your Account Isn't Verified!

In order to create a playlist on Sporcle, you need to verify the email address you used during registration. Go to your Sporcle Settings to finish the process.

Report this User

Report this user for behavior that violates our Community Guidelines.

Details: